Nachruf auf Frère Roger Schutz

Saved in:  
Bibliographic Details
Main Author: Schöpsdau, Walter 1940- (Author)
Format: Electronic Article
Language:German
Check availability: HBZ Gateway
Interlibrary Loan:Interlibrary Loan for the Fachinformationsdienste (Specialized Information Services in Germany)
Published: 2005
In: Ökumenische Rundschau
Year: 2005, Volume: 54, Issue: 4, Pages: 527-529
Standardized Subjects / Keyword chains:B Roger, frère 1915-2005
IxTheo Classification:KAJ Church history 1914-; recent history
KBG France
KCA Monasticism; religious orders
KDD Protestant Church
Further subjects:B Taizé
Online Access: Volltext (kostenfrei)
Parallel Edition:Non-electronic

MARC

LEADER 00000naa a22000002c 4500
001 1925363961
003 DE-627
005 20250512155533.0
007 cr uuu---uuuuu
008 250512s2005 xx |||||o 00| ||ger c
024 7 |a 10.71860/kr.v54i4.124997  |2 doi 
035 |a (DE-627)1925363961 
035 |a (DE-599)KXP1925363961 
040 |a DE-627  |b ger  |c DE-627  |e rakwb 
041 |a ger 
084 |a 1  |2 ssgn 
100 1 |0 (DE-588)128943696  |0 (DE-627)385686609  |0 (DE-576)162961421  |4 aut  |a Schöpsdau, Walter  |d 1940- 
109 |a Schöpsdau, Walter 1940- 
245 1 0 |a Nachruf auf Frère Roger Schutz 
264 1 |c 2005 
336 |a Text  |b txt  |2 rdacontent 
337 |a Computermedien  |b c  |2 rdamedia 
338 |a Online-Ressource  |b cr  |2 rdacarrier 
506 |a [DE-21]Open Access  |e Controlled Vocabulary for Access Rights  |u http://purl.org/coar/access_right/c_abf2 
533 |a Reproduktion  |d 2025  |7 |2025|||||||||| 
540 |a [DE-21]Urheberrechtsschutz 1.0  |2 rs  |u https://rightsstatements.org/page/InC/1.0/?language=en 
601 |a Nachruf 
650 4 |a Taizé 
652 |a KAJ:KBG:KCA:KDD 
689 0 0 |d p  |0 (DE-588)118611755  |0 (DE-627)079401791  |0 (DE-576)164239995  |2 gnd  |a Roger  |c frère  |d 1915-2005 
689 0 |5 (DE-627) 
773 0 8 |i Enthalten in  |t Ökumenische Rundschau  |d Leipzig : Evangelische Verlagsanstalt, 1952  |g 54(2005), 4, Seite 527-529  |h Online-Ressource  |w (DE-627)1747895733  |w (DE-600)3053255-3  |x 2942-1608  |7 nnas 
773 1 8 |g volume:54  |g year:2005  |g number:4  |g pages:527-529 
776 0 8 |i Elektronische Reproduktion von  |a Schöpsdau, Walter, 1940 -   |t Nachruf auf Frère Roger Schutz  |d 2005  |w (DE-627)596979207  |w (DE-576)466693176  |k Non-Electronic 
856 4 0 |u https://doi.org/10.71860/kr.v54i4.124997  |x Digitalisierung  |z kostenfrei  |3 Volltext  |7 0 
935 |a mteo  |a FRST  |a DTH5 
951 |a AR 
ELC |a 1 
ITA |a 1  |t 1 
LOK |0 000 xxxxxcx a22 zn 4500 
LOK |0 001 4723626964 
LOK |0 003 DE-627 
LOK |0 004 1925363961 
LOK |0 005 20250512153945 
LOK |0 008 250512||||||||||||||||ger||||||| 
LOK |0 040   |a DE-Tue135  |c DE-627  |d DE-Tue135 
LOK |0 092   |o n 
LOK |0 852   |a DE-Tue135 
LOK |0 852 1  |9 00 
LOK |0 935   |a ixzs 
LOK |0 936ln  |0 1442049448  |a KCA 
LOK |0 936ln  |0 1442050047  |a KDD 
LOK |0 936ln  |0 1442044985  |a KBG 
LOK |0 936ln  |0 1442044640  |a KAJ 
LOK |0 939   |a 12-05-25  |b l01 
OAS |a 1 
ORI |a SA-MARC-ixtheoa001.raw 
SYG 0 0 |a Frère Roger,1915-2005,Schutz, Roger,1915-2005,Brother Roger,1915-2005,Roger,Brother,1915-2005,Roger,of Taizé,1915-2005,Roger,von Taizé,1915-2005,Roger,Veli,1915-2005,Roger,Brat,1915-2005,Roger,Bruder,1915-2005,Roger,de Taizé,1915-2005,Roger,de Taizé, frère,1915-2005,Hermano Roger,de Taizé,1915-2005,Bratr Roger,z Taizé,1915-2005,Marsauche, Roger Louis Schutz-,1915-2005,Schutz-Marsauche, Roger,1915-2005,Schutz-Marsauche, Roger Louis,1915-2005,Schuetz, Roger,1915-2005,Schütz, Roger,1915-2005,Roger,testvér,1915-2005